Flora of Mt. Cheonggye - san (Registro nro. 8715)
[ vista simple ]
| 000 -CABECERA | |
|---|---|
| Campo de control | 00571nam a22001817a 4500 |
| 005 - FECHA Y HORA DE LA ULTIMA TRANSACCION | |
| Campo de control | 20140919103558.0 |
| 008 - ELEMENTOS DE LONGITUD FIJA—INFORMACION GENERAL | |
| Campo de control | 140919b2012 ko il. | |||| 00| 0 kor d |
| 020 ## - ISBN | |
| ISBN | 9788968110023 |
| 041 ## - IDIOMA | |
| Código de idioma para texto/pista de sonido o título separado | Inglés |
| 082 ## - NUMERO DE CLASIFICACION DECIMAL DEWEY | |
| Número de clasificación | 580.12519 |
| Número del ítem | F63f |
| 245 00 - MENCION DE TITULO | |
| Título | Flora of Mt. Cheonggye - san |
| 260 ## - PUBLICACION, DISTRIBUCION, ETC. (PIE DE IMPRENTA) | |
| Lugar de publicación, distribución, etc. | Korea |
| Nombre del editor, distribuidor, etc. | National Institute of Biological Resources - NIBR |
| Fecha de publicación, distribución, etc. | c2012 |
| 300 ## - DESCRIPCION FISICA | |
| Extensión | 471 P. |
| Otros detalles físicos | fot. (col) |
| Dimensiones | 23 cm. |
| 500 ## - NOTA GENERAL | |
| Nota general | Incluye lista de especies (pag 469-471) |
| 650 #6 - ASIENTO SECUNDARIO DE MATERIA - TERMINO TEMATICO | |
| Término temático o nombre geográfico como elemento de entrada | Plantas |
| Subdivisión general | especies |
| Subdivisión geográfica | Korea |
| 650 #6 - ASIENTO SECUNDARIO DE MATERIA - TERMINO TEMATICO | |
| Término temático o nombre geográfico como elemento de entrada | Plantas |
| Subdivisión general | clasificación |
| Subdivisión geográfica | Korea |
| 942 ## - ELEMENTOS ADICIONALES (KOHA) | |
| Sistema de clasificación | Dewey Decimal Classification |
| Tipo de ítem | Libro |
| Withdrawn status | Lost status | Sistema de Clasificación | Damaged status | No para préstamo | Colección | Inventariado | Ubicación Permanente | Ubicación actual | Fecha de adquisición | Fuente de Valor | Valor | Total Checkouts | Número topográfico | Inventario / Código de Barras | Date last seen | Ejemplar | Price effective from | Forma de adquisición | Tipo de material |
|---|---|---|---|---|---|---|---|---|---|---|---|---|---|---|---|---|---|---|---|
| Dewey Decimal Classification | General | Inventariado 2017 | Sala Fabio Quevedo | Sala Fabio Quevedo | 19/09/2014 | Instituto | 39000.00 | LB-580.12519 F63f | 038379 | 19/09/2014 | Ej. 1 | 19/09/2014 | Libro |